000 00313nam a22001337a 4500
008 181005b xxu||||| |||| 00| 0 eng d
020 _a639785304470
041 _aeng
080 _a311
100 _a55
101 _aSTA
245 _aIntroduction to Probability and Statistics
_cLipschutz, S
942 _2udc
_cBK
999 _c48908
_d48908